Verusita / (Registro nro. 14458)

Detalles MARC
000 -LIDER
fixed length control field 01226nam a2200349 i 4500
003 - IDENTIFICACDOR DE NÚMERO DE CONTROL
control field DO-SdBNP
005 - DATE AND TIME OF LATEST TRANSACTION
control field 20230803135945.0
006 - DATOS DE LONGITUD FIJA / CARACTERÍSTICAS ADICIONALES MATERIAL CHARACTERISTICS
fixed length control field a||||ar|||| 00| 0
007 - CAMPOS FIJOS DE DESCRIPCIÓN FÍSICA
fixed length control field ta
008 - ELEMENTOS DE LONGITUD FIJA
fixed length control field 230707e2014 dr a||| 00| j spa d
020 ## - ISBN
International Standard Book Number 9789945465280
040 ## - FUENTE DE CATALOGACIÓN
Agencia que crea de manera original el registro DO-SdBNP
Idioma de catalogación spa
Agencia que realiza la transcripción BPMSU
Convenciones de la despripción rda
082 #4 - NÚMERO DE CLASIFICACIÓN DECIMAL DE DEWEY
Classification number RD863.44
Item number J61v 2014
Edition number 22
100 1# - ASIENTO PRINCIPAL -- NOMBRE PERSONAL
Nombre personal Jiménez, Josefina
100 z# - ASIENTO PRINCIPAL -- NOMBRE PERSONAL
Nombre personal De Escobar, Obdulia García
245 13 - MENCIÓN DE TITULO
Título Verusita /
Mención de responsabilidad Josefina Jiménez ; edición al cuidado de: Daniel torres Mata; ilustraciones : Víctor Manuel
264 #1 - PRODUCTION, PUBLICATION, DISTRIBUTION, MANUFACTURE, AND COPYRIGHT NOTICE
Place of production, publication, distribution, manufacture Santo Domingo :
Name of producer, publisher, distributor, manufacturer Ediciones CP,
Date of production, publication, distribution, manufacture, or copyright notice 2014
300 ## - DESCRIPCIÓN FÍSICA
Extensión 38 páginas :
Otros detalles físicos Ilustraciones ;
Dimensiones 20 cm
336 ## - CONTENT TYPE
Source rdaconten
Content type term texto
Content type code txt
337 ## - MEDIA TYPE
Source rdamedia
Media type term sin medición
Media type code n
338 ## - CARRIER TYPE
Source rdacarrier
Carrier type term volumen
Carrier type code nc
490 0# - MENCIÓN DE SERIES
Mención de serie La casa de los cuentos
-- Casa roja
500 ## - NOTA GENERAL
Nota general Incluye ficha de comprensión lectora.
500 ## - NOTA GENERAL
Nota general Incluye datos biográficos de la autora en la contracubierta
590 ## - NOTA LOCAL
Texto de la nota local Inventariado 2023 /VM
650 #4 - ENCABEZAMIENTO DE MATERIA--TEMÁTICO
Término temático o nombre geográfico como elemento de entrada Cuentos infantiles dominicanos
650 #4 - ENCABEZAMIENTO DE MATERIA--TEMÁTICO
Término temático o nombre geográfico como elemento de entrada Literatura infantil dominicana
700 1# - ASIENTO SECUNDARIO -- NOMBRE PERSONAL
Nombre personal Torres Mata, Daniel,
Mención de responsabilidad editor
700 1# - ASIENTO SECUNDARIO -- NOMBRE PERSONAL
Nombre personal Manuel, Vìctor
Mención de responsabilidad ilustrador
910 ## - VALIDACIÓN
Validación VMateo V. Control de calidad. BPMSU
942 ## - ADDED ENTRY ELEMENTS (KOHA)
Source of classification or shelving scheme Dewey Decimal Classification
Koha item type Libros
Existencias
Withdrawn status Lost status Source of classification or shelving scheme Damaged status Not for loan Collection code Home library Current library Date acquired Total Checkouts Full call number Barcode Date last seen Price effective from Koha item type Copy number
    Dewey Decimal Classification     Colección Infantil Dominicana Biblioteca Pública Metropolitana Salomé Ureña Biblioteca Pública Metropolitana Salomé Ureña 08/03/2023   BPMSU CDI RD863.44 J61v 2014 BPMSU23080008 08/03/2023 08/03/2023 Libros  
    Dewey Decimal Classification     Colección Infantil Dominicana Biblioteca Pública Metropolitana Salomé Ureña Biblioteca Pública Metropolitana Salomé Ureña 08/03/2023   BPMSU CDI RD863.44 J61v 2014 BPMSU23080009 08/03/2023 08/03/2023 Libros e.2
    Dewey Decimal Classification     Colección Infantil Dominicana Biblioteca Pública Metropolitana Salomé Ureña Biblioteca Pública Metropolitana Salomé Ureña 08/03/2023   BPMSU CDI RD863.44 J61v 2014 BPMSU25080083 08/28/2025 08/03/2023 Libros e.3